Super Smash Bros. Fighters #25 - The Roy Quiz - Statistics

General Stats
  • This quiz has been taken 104 times
  • The average score is 9 of 15
Answer Stats
Hint Answer % Correct
How old is Roy (in universe)? 15
95%
What was the first game Roy ever appeared in? Super Smash Bros. Melee
89%
Finish the quote: “Roy’s our {boy}”
82%
What was the first Fire Emblem game Roy appeared in? Fire Emblem: The Binding Blade
76%
What is Roy’s starting class? Lord
73%
What other Fire Emblem game is Roy’s father the protagonist of? Fire Emblem: The Blazing Blade
68%
Who is Roy’s father? Eliwood
67%
Roy’s name wasn’t always going to be Roy. It was originally this, which went on to be used by a different Fire Emblem character: Ike
62%
In Smash Bros., Roy’s attacks are stronger at this part of his sword: Hilt
57%
Who is the main villain of this game? Zephiel
47%
Which fictional country is Roy from? Lycia
44%
Roy is sometimes referred to using what animalistic nickname? Young Lion
39%
Roy was originally going to appear in this cancelled N64 game: Fire Emblem: Maiden of Darkness / Fire Emblem 64
34%
Finish the quote: “A skilled Roy can beat any {Fox}”
19%
Roy was apart of which infamous group of unused Brawl characters? The {Forbidden} 7
18%
No matching quizzes found
Score Distribution
Percent of People with Each Score
Percentile by Number Answered
Your Score History
You have not taken this quiz